00554nam a2200157 a 450000500170000000800410001702000180005805000260007610000250010224501210012726000460024830000110029444000270030565000320033265000320036420140412111335.0040525s19uu xx 00 eng d a0-02-830978-2 aTR(GS 372.4bA19 2000 aAdams, Marilyn Jager aComprehension and writing assessment (orange), level 1 :bTeacher's Anotated edition /cMarilyn Jager Adams & et al. aColumbus, Ohio :bSRA McGraw-Hill,c2000. a111 p. aSRA Open Court Reading aReadingxStudy and teaching aWritingxStudy and teaching